| 000 | 01257nam a22004097a 4500 | ||
|---|---|---|---|
| 001 | BR7303326 | ||
| 003 | BR-BrBNA | ||
| 005 | 20230928083947.0 | ||
| 007 | ta | ||
| 008 | 230509b bl.||||| |||| 00| 0 por d | ||
| 040 |
_aBR-BrBNA _bpor _cBiblioteca Nacional de Agricultura |
||
| 041 | _a(Por) | ||
| 072 |
_aE70; D50; F00 _b2110 |
||
| 090 | _ 2110 BR7303326 | ||
| 100 | 1 | _aKososki, A.R. | |
| 100 | 1 | _aSouza, M.M. de (eds.) | |
| 100 | 1 | _aSa, J.S.de | |
| 110 | 1 | _aDepartamento Nacional de Servicos de Comercializacao, Brasilia, DF (Brasil). Div. de Inspecao, Padronizacao e Classificacao | |
| 245 | 1 | _aCurso de classificadores. Produtos de origem vegetal. Cacau [Controle de qualidade; Lei; Comercio exterior] | |
| 260 | 3 |
_aBrasilia, DF (Brasil): _c[nd]. |
|
| 300 | _av. 1-2 | ||
| 500 | _aPublished after 1968 | ||
| 650 | _aCACAU | ||
| 650 | _aCONTROLE DE QUALIDADE | ||
| 650 | _aEXPORTACAO | ||
| 650 | _aMERCADO INTERNACIONAL | ||
| 650 | _aANALISE ORGANOLEPTICA | ||
| 650 | _aPRATICA CULTURAL | ||
| 650 | _aLEI | ||
| 650 | _aDECRETO-LEI | ||
| 650 | _aCOMERCIO EXTERIOR | ||
| 650 | _aESTRUTURA VEGETAL | ||
| 650 | _aMORFOLOGIA VEGETAL | ||
| 650 | _aANATOMIA VEGETAL | ||
| 909 |
_a202309 _bLucia _c55 _dLucia Elande |
||
| 942 | _cBK | ||
| 999 |
_c16021 _d16021 |
||